[Event "11th Chennai Open-GM 2019"]
[Site "Chennai"]
[Date "2019.01.18"]
[Round "1"]
[White "Nguyen, Van Huy"]
[Black "Shravan Swaminathan"]
[Result "1-0"]
[WhiteElo "2450"]
[BlackElo "1569"]
[Annotator "TA"]
[PlyCount "127"]
[EventDate "2019.01.18"]
[EventType "swiss"]
[EventCountry "IND"]
[SourceTitle "playchess.com"]
[Source "ChessBase"]
[SourceQuality "1"]

{[%evp 24,126,30,27,19,31,74,42,38,26,39,9,5,9,26,13,31,15,45,-13,-6,-18,0,0,0,0,10,-6,0,0,26,0,18,0,64,53,55,51,273,241,361,277,497,454,450,449,654,645,778,604,1209,1209,1157,1136,1757,1707,2441,2300,4121,3299,29973,29974,29974,29975,29976,29977,29976,29977,29977,29978,29978,29979,29979,29980,29985,29986,29986,29987,29987,29988,29988,29987,29989,29990,29990,29991,29991,29991,29991,29992,29992,29993,29993,29994,29994,29995,29995,29995,29996,29997,29997,29998,29998,29999,29999]} 1. d4 c6 2. Nf3 d5 3. c4 Nf6 4. Nc3 e6 5. Bg5 Be7 6. e3 h6 7. Bh4 Nbd7 8. Rc1 O-O 9. Bd3 dxc4 10. Bxc4 b5 11. Bd3 Bb7 12. O-O a6 13. Bxf6 {LiveBook: 16 Games} Bxf6 {D66: Queen's Gambit Declined: Classical: Main Line (7 Rc1 c6 8 Bd3)} 14. Ne4 Qe7 $146 ({Predecessor:} 14... Be7 15. Qc2 Qb8 16. Qc3 b4 17. Qb3 Qa7 18. Bb1 g6 19. Nc5 Nxc5 20. dxc5 Rad8 21. Qxb4 {1-0 (44) Wirig,A (2472)-Leconte,M (2334) Le Port Marly 2009}) 15. Nc5 Nxc5 {White is slightly better.} 16. Rxc5 Rfd8 17. Qc2 Rd5 $1 18. b4 Rad8 19. Rd1 g6 20. a3 e5 21. e4 ({Better is} 21. Nxe5 $14 Bxe5 22. dxe5) 21... Rxc5 $11 22. dxc5 Bc8 23. h3 Be6 24. a4 Rd7 25. Ra1 Ra7 26. Qc3 Bc8 27. Nd2 Kf8 28. Nb3 Qe8 (28... Rd7 $11) 29. axb5 $14 cxb5 30. Nd2 {[%cal Bb3d2,Bd2c4,Bc4b6,Bb6d5][%mdl 32]} Qd8 $2 {[#]} (30... Kg7 $14) 31. Bxb5 $1 $18 {[%mdl 576] Pin} Qe7 (31... h5 $142 32. Nf3 Qc7) (31... axb5 32. Rxa7) 32. Bc4 Ra8 $2 (32... a5) 33. Bd5 Ra7 34. Nc4 Be6 (34... Rc7 $142 35. Qd3 Kg7) 35. Nb6 Kg7 36. Qc4 Bxd5 37. Nxd5 Qe6 38. c6 Qc8 39. Qc5 Rc7 40. Nxc7 Qxc7 41. Rxa6 {[%mdl 4096] Endgame KQR-KQB} Be7 42. Ra7 {White mates.} Bxc5 43. Rxc7 Bxb4 {KR-KB} 44. Rd7 Ba5 45. c7 Bxc7 46. Rxc7 {KR-KP} Kf6 47. Kf1 Ke6 48. Ke2 f5 49. Rc6+ Kf7 50. exf5 gxf5 51. Rxh6 {KR-KPP} Kg7 52. Re6 e4 53. g4 fxg4 54. hxg4 {KR-KP} Kf7 55. Ra6 Kg7 56. Ke3 Kh7 57. Kxe4 {KR-K} Kg7 58. Kf5 Kf7 59. Ra7+ Ke8 60. Ke6 {[%cal Ra7a8]} Kf8 61. g5 {[%cal Bg4g5,Bg5g6][%mdl 32]} Kg8 62. Kf6 Kh8 63. g6 {[%cal Ra7a8]} Kg8 64. Ra8# {Accuracy: White = 49%, Black = 18%.} 1-0

[Event "11th Chennai Open-GM 2019"]
[Site "Chennai"]
[Date "2019.01.18"]
[Round "1"]
[White "Sathish Chandra, G."]
[Black "Predke, Alexandr"]
[Result "1/2-1/2"]
[WhiteElo "1665"]
[BlackElo "2620"]
[Annotator "TA"]
[PlyCount "154"]
[EventDate "2019.01.18"]
[EventType "swiss"]
[EventCountry "IND"]
[SourceTitle "playchess.com"]
[Source "ChessBase"]
[SourceQuality "1"]

{[%evp 9,154,-14,20,0,44,12,37,-40,-50,-56,-45,-93,-79,-97,-86,-91,-78,-67,-78,-75,-49,-46,-25,-43,-35,-50,-49,-39,-50,-42,-39,-39,-23,-26,0,9,27,12,139,143,165,154,162,165,167,169,101,147,133,132,183,131,156,0,0,0,0,0,0,0,0,0,0,0,75,74,76,18,39,24,56,15,168,168,168,132,132,152,260,255,246,239,237,10,10,0,234,225,910,910,808,803,1297,1206,868,781,747,0,675,0,720,0,659,0,660,660,660,653,641,626,619,0,198,0,619,0,192,69,69,0,60,60,60,60,60,60,60,60,60,60,60,60,60,60,60,60,60,60,60,0,60,0,60,0,60,0,60]} 1. Nf3 b6 2. g3 Bb7 3. Bg2 g6 4. d4 (4. c4 Bg7 5. Nc3 Nf6 6. b3 O-O 7. Bb2 c5 8. O-O Nc6 9. d4 Nxd4 10. Nxd4 Bxg2 11. Kxg2 cxd4 12. Qxd4 d6 13. Rad1 Nd7 14. Qd2 Nc5 15. Nd5 Bxb2 16. Qxb2 f6 17. b4 Nd7 18. Qb3 Rf7 19. Rd4 Ne5 20. f4 Nc6 {1-0 (65) Meier,G (2639)-Lenderman,A (2630) chess.com INT 2018}) 4... Bg7 5. Bf4 Nf6 6. Nc3 {A04: Unusual lines after 1 Nf3 and King's Indian Attack} c5 $146 ({Predecessor:} 6... a6 7. O-O O-O 8. Re1 Nh5 9. Bd2 d6 10. e4 Nd7 11. e5 dxe5 12. dxe5 {0-1 (80) Leinberger,B-Mook,K (1312) Frankfurt 2005}) 7. O-O O-O {[%cal Bh8f8,Bf8c8,Bc8c5,Bc5h5][%mdl 32]} 8. Nb5 (8. d5 $14) 8... a6 $15 9. Na3 cxd4 10. Bxb8 Qxb8 11. Nxd4 Rc8 12. c3 Bxg2 13. Kxg2 Qb7+ 14. Kg1 Rc5 15. e3 Rh5 16. Qf3 d5 17. Rad1 e5 18. Ne2 b5 19. Nc2 a5 20. a3 $1 Rc8 21. Qg2 Qd7 {[#]} 22. e4 $1 {[%mdl 512] [#]} d4 $1 {[%mdl 512] [#]} (22... dxe4 23. Rxd7) 23. Ne3 $1 {[%cal Rc3d4][%mdl 512]} (23. cxd4 Rxc2) 23... Qe6 (23... Ng4 $11) (23... dxe3 24. Rxd7) 24. cxd4 $16 exd4 25. Nf4 {[%mdl 64] Double Attack} ({Much less strong is} 25. Rxd4 $6 Ng4 $14) ({Inferior is} 25. Nxd4 Qxe4 26. Qf3 a4 $11) 25... Qb3 26. Nxh5 dxe3 27. Nxf6+ Bxf6 28. fxe3 Bxb2 29. Qf2 $1 Rc2 (29... Rc7 $16 30. Qf4 (30. Rd8+ Kg7 $18) 30... Re7) 30. Rd8+ Kg7 31. Rd2 $2 (31. Rd3 $16 Qc4 32. Rd2 Rxd2 33. Qxd2 {[%mdl 64] Double Attack} Bxa3 34. Qxa5) 31... Rxd2 $11 32. Qxd2 {Strongly threatening Rb1.} Bxa3 {[%mdl 4096] Endgame KQR-KQB} 33. Qd4+ Kg8 34. Qd8+ Bf8 35. Qxa5 Qxe3+ {[%mdl 64] Double Attack} 36. Rf2 Qc1+ (36... Bc5 $11 {keeps the balance.} 37. Qd8+ Kg7 38. Qf6+ Kh6 39. Qh4+ Kg7 40. Qf6+ Kh6 41. Qh4+ Kg7 42. Qf6+) 37. Kg2 $16 Qc6 38. Qe1 (38. Re2 $1 $16) 38... b4 39. Qb1 h5 40. Qd3 f5 $2 (40... Bg7 $1 $11 {and Black stays safe.}) 41. Qd5+ $18 Qxd5 42. exd5 {KR-KB} Kf7 43. Re2 Bc5 (43... g5 $16 44. Re5 Kf6 45. Re6+ Kf7) 44. h4 $1 Bd6 {[#]} 45. Kf3 $1 Bc7 46. Rc2 $2 ({White should try} 46. Re3 $18) 46... Be5 $11 47. Re2 Kf6 $2 (47... Bc7 $1 $11 {and Black has nothing to worry.}) 48. Re3 $18 Bd4 $2 {[#]} (48... Bc7 49. Re6+ Kf7) 49. Rd3 $1 {[%cal Rd3d4]} Bb6 50. d6 {[%cal Bd5d6,Bd6d7][%mdl 32]} Ke5 51. d7 Bd8 52. Ke3 Bb6+ 53. Kf3 Bd8 54. Ke3 Bb6+ $1 55. Kf3 Bd8 56. Ke3 Bb6+ $1 57. Ke2 Bd8 58. Kf3 Kf6 59. Re3 Be7 60. Rd3 $2 (60. Rb3 Ke6 61. Rd3) 60... Bd8 61. Re3 $2 (61. Rd2) 61... Be7 $1 62. Rd3 $2 (62. Rb3) 62... Bd8 63. Kf4 (63. Rd2 $18) 63... Bc7+ $14 64. Kf3 ({Better is} 64. Ke3 $14 Ke7 65. Kf3) 64... Ke7 (64... Bd8 $1 $11) 65. Rd4 b3 $1 66. Rb4 Kxd7 67. Rxb3 {Hoping for Rb7.} Ke6 68. Re3+ Kf6 69. Rc3 Be5 70. Rc6+ Kf7 71. Ra6 Kg7 72. Re6 Bb8 73. Re8 Bd6 74. Re6 Bb8 $1 75. Re8 Bd6 76. Re6 Bb8 $1 77. Re8 Bd6 {Accuracy: White = 53%, Black = 42%.} 1/2-1/2

[Event "11th Chennai Open-GM 2019"]
[Site "Chennai"]
[Date "2019.01.18"]
[Round "1"]
[White "Dharani Kumar M S"]
[Black "Rozum, Ivan"]
[Result "0-1"]
[WhiteElo "1660"]
[BlackElo "2589"]
[Annotator "TA"]
[PlyCount "90"]
[EventDate "2019.01.18"]
[EventType "swiss"]
[EventCountry "IND"]
[SourceTitle "playchess.com"]
[Source "ChessBase"]
[SourceQuality "1"]

{[%evp 11,90,0,7,0,0,0,26,-58,35,-25,-25,-25,-19,-25,-2,-33,-9,-66,0,-26,-23,-68,-22,-28,-16,-81,-105,-85,-62,-69,-64,-62,-33,-57,-72,-106,-85,-151,-152,-179,-165,-200,-181,-288,-226,-334,-162,-585,-214,-398,-347,-372,-364,-340,-340,-499,-319,-995,-975,-977,-978,-960,-927,-1258,-1186,-1268,-1237,-29993,-29990,-29990,-29991,-29991,-29989,-29989,-29989,-29993,-29994,-29994,-29995,-29998,-29999]} 1. c4 f5 2. g3 Nf6 3. Bg2 e5 4. b3 g6 5. Bb2 d6 6. d3 {A01: Nimzowitsch-Larsen Opening} Bg7 {LiveBook: 3 Games} 7. e3 (7. Nd2 O-O 8. Ngf3 e4 9. dxe4 fxe4 10. Nxe4 Nxe4 11. Qd5+ Rf7 12. Bxg7 Kxg7 13. Qxe4 Nc6 {½-½ (50) Harutjunyan,G (2458)-Vorobiov,E (2591) Moscow 2013}) 7... O-O 8. Ne2 {The position is equal.} Nc6 9. a3 (9. Nbc3 $11) 9... d5 $146 (9... f4 $15 10. gxf4 Bg4) ({Predecessor:} 9... Qe8 10. Nbc3 Nd8 11. Qd2 Rb8 12. O-O Ne6 {1-0 (36) Chomet,P (2255)-Canonne,A (2245) France 1991}) 10. cxd5 ({Better is} 10. O-O $14) 10... Nxd5 $11 11. Nbc3 Be6 12. O-O Qd7 13. Qc2 Rad8 14. Rfd1 (14. Nxd5 $11 Bxd5 15. Bxd5+ Qxd5 16. Rfd1) 14... a5 ({Black should try} 14... Nb6 $15) 15. Rac1 Nb6 {Strongly threatening ...Qf7.} 16. Nb1 Qf7 17. Nd2 Bd5 18. Nc4 (18. Bh3 $11) 18... Bxg2 $17 19. Kxg2 Nd5 {[%cal Bb6d5,Bd5e7,Be7g6][%mdl 32] Hoping for ...f4.} 20. Ng1 f4 $36 {[%mdl 2048] [#] And now ...fxg3 would win. Black fights for an advantage.} 21. e4 $1 {[%cal Re4d5]} Nde7 22. Qe2 g5 {[%cal Bg6g5,Bg5g4][%mdl 32]} 23. f3 h5 24. Rf1 (24. b4 $142) 24... Ng6 25. Nh3 Bh6 26. Rcd1 Qe6 27. Ng1 (27. Nf2 $142) 27... g4 28. Kh1 (28. fxg4 {might work better.} hxg4 29. Bc3) 28... Rd7 (28... fxg3 $142 {White must now prevent ...Nf4.} 29. hxg3 h4 30. fxg4 hxg3) 29. Rf2 $2 {[#]} (29. gxf4 {nothing else works.} Nxf4 30. Qc2) 29... Rfd8 $2 (29... fxg3 30. hxg3 h4 31. gxh4 Nf4) 30. Bc3 $2 (30. Rg2 {keeps fighting.}) 30... b5 31. Nxa5 Nxa5 32. Bxa5 h4 ({Inferior is} 32... Qxb3 33. fxg4 h4 34. gxf4 $11) 33. fxg4 (33. gxh4 $142 g3 34. hxg3 fxg3 35. Rg2) 33... hxg3 34. hxg3 $2 (34. Rg2 Nh4 35. Nf3 Nxg2 36. Kxg2) 34... fxg3 $19 35. Rf5 Nf4 36. Rxf4 Bxf4 37. Nh3 Qxb3 38. Nxf4 exf4 39. e5 Rxd3 {Black mates.} 40. Rxd3 Rxd3 {KQR-KQB} 41. Qe4 Qb1+ 42. Be1 Rd1 43. Qa8+ Kg7 44. Kg2 Rxe1 45. Qb7 Qc2+ {Precision: White = 22%, Black = 46%.} 0-1

[Event "11th Chennai Open-GM 2019"]
[Site "Chennai"]
[Date "2019.01.18"]
[Round "1"]
[White "Evrin, Selvam"]
[Black "Paichadze, Luka"]
[Result "0-1"]
[WhiteElo "1656"]
[BlackElo "2583"]
[Annotator "TA"]
[PlyCount "55"]
[EventDate "2019.01.18"]
[EventType "swiss"]
[EventCountry "IND"]
[SourceTitle "playchess.com"]
[Source "ChessBase"]
[SourceQuality "1"]

{[%evp 26,55,-99,-137,-8,0,-26,-179,-135,-187,-104,-100,-133,-228,-153,-224,-62,-243,-225,-246,-243,-243,-254,-268,-203,-214,-189,-513,-537,-557,-529,-904]} 1. e4 c6 2. d4 d5 3. e5 Bf5 4. Nc3 e6 5. g4 Bg6 6. Nge2 c5 7. h4 h5 8. Nf4 Bh7 9. Nxh5 cxd4 10. Qxd4 Nc6 {B12: Caro-Kann: Advance Variation} 11. Bb5 Nge7 {[%cal Bg8e7,Be7c6,Bc6b4,Bb4d3,Bd3f2][%mdl 32]} (11... a6 12. Bxc6+ bxc6 13. Bg5 Qb8 14. O-O-O Qa7 15. Qa4 Qd7 16. f4 c5 17. f5 Qxa4 18. Nxa4 {0-1 (58) Sadler,M (2626)-Dreev,A (2682) Dordrecht 2004}) 12. Bg5 a6 13. Bxc6+ Nxc6 14. Qd2 {LiveBook: 4 Games} Qa5 (14... Qb6 $1 $17 15. O-O Qxb2) 15. f4 $11 Rc8 $146 {White must now prevent ...Qb6.} ({Predecessor:} 15... d4 16. Ne2 Qd5 17. O-O Bc5 18. Nxg7+ {1-0 (27) Westerinen,H (2400)-Berg,K (2390) Gausdal 1989}) 16. Rc1 $2 (16. a3 $11) 16... Qb6 $19 {[%mdl 1024] Black has strong compensation.} 17. Na4 {[#]} (17. Ne2 $17 {was necessary.}) 17... Qb5 (17... Qb4 $1 $19 {[%cal Rb4a4]} 18. Nc3 Qxb2) 18. b3 $17 Nb4 19. Nc3 (19. Rh3 $17 Nxa2 20. c4) 19... Qa5 {And now ...Nxc2+ would win.} 20. f5 (20. Rh3 $17 {might work better.}) 20... d4 $2 ({Black should try} 20... exf5 $19 21. a3 fxg4 22. axb4 Bxb4 23. Nxg7+ Kf8) 21. Ne2 $2 {[#]} (21. Qxd4 $15 Nxa2 22. f6) 21... Nd3+ $1 $19 {[%mdl 512]} 22. Kd1 (22. cxd3 Rxc1+) 22... Nf2+ 23. Ke1 Qxd2+ 24. Kxd2 Nxh1 25. Rxh1 exf5 26. gxf5 $2 (26. Nxd4 {is tougher.} fxg4 27. c3) 26... Bxf5 27. Nxd4 {Nxg7+! would now be nice for White.} Be4 ({Not} 27... Rxh5 28. Nxf5 Rh7 29. Kd3 $17) 28. Ke1 {Precision: White =  8%, Black = 50%.} 0-1

[Event "11th Chennai Open-GM 2019"]
[Site "Chennai"]
[Date "2019.01.18"]
[Round "1"]
[White "Badri Narayan B"]
[Black "Erigaisi Arjun"]
[Result "0-1"]
[WhiteElo "1631"]
[BlackElo "2548"]
[Annotator "TA"]
[PlyCount "93"]
[EventDate "2019.01.18"]
[EventType "swiss"]
[EventCountry "IND"]
[SourceTitle "playchess.com"]
[Source "ChessBase"]
[SourceQuality "1"]

{[%evp 17,93,14,9,6,12,-12,-9,-13,-12,-19,-22,-2,0,0,1,10,29,19,50,58,53,58,62,62,64,56,60,30,76,63,70,68,75,64,53,43,47,43,48,48,95,95,107,112,237,229,234,239,218,71,75,73,72,75,67,52,84,76,165,114,80,41,30,0,10,0,10,8,8,8,8,8,8,-227,-203,-972,-902,-787]} 1. d4 g6 2. Nf3 Bg7 3. c4 d6 4. Nc3 Nd7 5. e4 e5 6. d5 Ne7 {[%cal Bg8e7,Be7f5,Bf5d4][%mdl 32]} 7. g3 {A42: Modern Defence: Averbakh Variation} O-O 8. Bg2 h6 9. O-O f5 {LiveBook: 3 Games} 10. exf5 Nxf5 11. Ne4 $146 ({Predecessor:} 11. Nd2 Nf6 12. Nde4 Nd4 13. Be3 Bf5 14. Rc1 b6 15. Nxf6+ {½-½ (15) Lalic,B (2525)-Todorcevic,M (2535) Yugoslavia 1989}) 11... Nf6 12. Nxf6+ Qxf6 13. Nd2 Nd4 14. Ne4 Qe7 15. Be3 Bf5 16. Qd2 Kh7 17. Rae1 Qd7 18. f4 b6 19. Rf2 Rae8 20. fxe5 dxe5 21. Ref1 a5 22. Kh1 Qe7 23. h3 a4 24. g4 Bc8 25. Qd1 Bd7 26. Ng3 b5 27. b3 axb3 28. axb3 {[%cal Ba2b3,Bb3c4][%mdl 32]} Qh4 29. Kh2 bxc4 30. bxc4 Qe7 {[#]} (30... Rxf2 $16 {was called for.} 31. Rxf2 Rf8) 31. Be4 $1 $18 {Hoping for Bxd4.} Rxf2+ 32. Rxf2 {Bxd4 is the strong threat.} Rf8 {[#]} 33. Qd3 (33. Bxg6+ $1 $18 {[%mdl 512]} Kg8 (33... Kxg6 34. Qb1+) 34. Rxf8+ Qxf8 35. Nh5) 33... Rxf2+ 34. Bxf2 Be8 35. Nh5 Bh8 36. Kg2 Qf7 37. Ng3 Ba4 (37... Bf6 $16) 38. Bxd4 (38. h4 $18) 38... exd4 $16 39. Ne2 Qf6 40. Kg3 Be8 41. h4 Kg8 42. Nf4 {[%cal Re4g6]} g5 43. hxg5 hxg5 44. Bh7+ Kf7 $1 45. Bg6+ $2 (45. Nh5 $11 {and White has nothing to worry.} Qe5+ 46. Kg2) 45... Ke7 $19 46. Qa3+ $2 (46. Ne6 Bxg6 47. Qa3+ Kd7 48. Qa4+ Kd6 49. Qb4+ Ke5 50. Qb2) 46... Qd6 47. Qxd6+ {Precision: White = 49%, Black = 43%.} 0-1

[Event "11th Chennai Open-GM 2019"]
[Site "Chennai"]
[Date "2019.01.18"]
[Round "1"]
[White "Divyan T"]
[Black "Stupak, Kirill"]
[Result "0-1"]
[WhiteElo "1619"]
[BlackElo "2542"]
[Annotator "TA"]
[PlyCount "64"]
[EventDate "2019.01.18"]
[EventType "swiss"]
[EventCountry "IND"]
[SourceTitle "playchess.com"]
[Source "ChessBase"]
[SourceQuality "1"]

{[%evp 11,64,21,43,5,6,10,9,-5,-11,-27,-21,-31,-15,-29,-14,-10,-12,-25,-22,-22,0,-39,-33,-111,-123,-420,-425,-442,-454,-457,-442,-473,-463,-565,-484,-478,-493,-666,-658,-660,-663,-719,-653,-804,-816,-844,-830,-29986,-29987,-29987,-29988,-29988,-29989,-29990,-29991]} 1. e4 c6 2. d4 d5 3. Nc3 a6 4. Nf3 Bg4 5. h3 Bh5 6. Be2 {B15: Caro-Kann: 3 Nc3: 3...g6 and 3...dxe4 4 Nxe4 Nf6 5 Nxf6+ exf6} (6. exd5 cxd5 7. g4 Bg6 8. Ne5 Nc6 9. h4 Nxe5 10. dxe5 d4 11. h5 Bxh5 12. gxh5 dxc3 13. Qxd8+ Kxd8 {½-½ (34) Lu,S (2640)-Zhou,J (2616) China 2018}) 6... e6 {LiveBook: 22 Games} 7. Ne5 Bxe2 8. Qxe2 {The position is equal.} Nf6 9. exd5 cxd5 10. a3 $146 ({Predecessor:} 10. Rb1 Nc6 11. Nxc6 bxc6 12. O-O Be7 13. a3 O-O 14. Na4 Ne4 {0-1 (49) Faysal,W (1692)-Schindele,A (1935) Bad Homburg 2010}) 10... Qb6 11. Qd3 Nc6 (11... Bd6 {is more complex.} 12. O-O O-O 13. Re1 Qc7 14. Bf4 Nc6) 12. Nxc6 Qxc6 13. O-O Rc8 14. Re1 Bd6 15. Bg5 Nd7 16. Re2 O-O 17. Rae1 {[#]} (17. Nd1 $15) 17... Bxa3 $1 $17 {[%mdl 512]} 18. Nxd5 $2 {[%mdl 8192]} (18. Nd1 $17 {keeps fighting.} Bd6 19. c3) (18. bxa3 Qxc3) 18... Qxd5 $19 19. bxa3 Qxg5 20. c4 Rfd8 21. Qb3 b5 22. c5 Nf6 23. Rd1 Qd5 24. Qe3 {[#]} Rxc5 $1 {[%mdl 512]} 25. dxc5 Qxd1+ 26. Kh2 Qd4 27. Qxd4 Rxd4 {KRN-KR} 28. Rc2 Rc4 29. Rxc4 bxc4 {[%cal Bb5c4,Bc4c3,Bc3c2][%mdl 32] Black mates.} 30. c6 Nd5 31. Kg3 c3 32. Kf3 c2 {Precision: White = 27%, Black = 76%.} 0-1

[Event "11th Chennai Open-GM 2019"]
[Site "Chennai"]
[Date "2019.01.18"]
[Round "1"]
[White "Giri Abhishek"]
[Black "Megaranto, Susanto"]
[Result "0-1"]
[WhiteElo "1601"]
[BlackElo "2530"]
[Annotator "TA"]
[PlyCount "48"]
[EventDate "2019.01.18"]
[EventType "swiss"]
[EventCountry "IND"]
[SourceTitle "playchess.com"]
[Source "ChessBase"]
[SourceQuality "1"]

{[%evp 11,48,14,37,9,9,9,9,9,8,11,5,0,0,0,11,0,-4,-138,-135,-146,-143,-145,-148,-135,-111,-119,-104,-143,-143,-170,-155,-504,-485,-494,-481,-508,-506,-531,-522]} 1. e4 g6 2. d4 Bg7 3. Nf3 d6 4. h3 Nf6 5. Bd3 O-O 6. Be3 Nc6 {[%cal Bb8c6,Bc6e7,Be7f5,Bf5d4][%mdl 32] LiveBook: 3 Games. B07: Pirc Defence: Miscellaneous Systems} (6... b6 7. Nc3 Bb7 8. O-O e6 9. Qd2 Re8 10. Bh6 Bh8 11. Rfe1 Nbd7 12. Bg5 e5 13. dxe5 Nxe5 14. Nxe5 dxe5 15. Qe3 a6 16. Rad1 {0-1 (62) Khotenashvili,B (2504)-Ju,W (2568) Beijing 2014}) 7. Qd2 e5 8. d5 Ne7 {The position is equal.} 9. c4 Nxe4 $146 ({Predecessor:} 9... Nd7 10. Bh6 Nc5 11. Bxg7 Nxd3+ 12. Qxd3 Kxg7 13. g4 f5 14. exf5 gxf5 {½-½ (44) Klimpel,S-Gierlinger,A Passau 1997}) 10. Bxe4 {Hoping for Bh6.} f5 11. Nc3 fxe4 12. Nxe4 Nf5 13. Bg5 Qe8 14. g4 (14. O-O $11 {keeps the balance.}) 14... Nd4 $17 15. Nxd4 exd4 16. Qd3 {[#]} b5 $1 {[%mdl 512]} 17. cxb5 Bb7 18. O-O Bxd5 19. f3 {[#]} a6 $1 $36 {[%mdl 2560] Keeping White busy.} 20. b6 (20. bxa6 Qa4) 20... c5 21. Nxd6 $2 (21. Rae1 $17 {is tougher.} Qc6 22. Be7) 21... Qe5 $19 {Black is clearly winning.} 22. Ne4 Bxe4 23. fxe4 Qxg5 24. Rxf8+ Rxf8 {Precision: White = 29%, Black = 77%.} 0-1

[Event "11th Chennai Open-GM 2019"]
[Site "Chennai"]
[Date "2019.01.18"]
[Round "1"]
[White "Vishwa Bala Kumaran M"]
[Black "Gajek, Radoslaw"]
[Result "1-0"]
[WhiteElo "1593"]
[BlackElo "2481"]
[Annotator "TA"]
[PlyCount "35"]
[EventDate "2019.01.18"]
[EventType "swiss"]
[EventCountry "IND"]
[SourceTitle "playchess.com"]
[Source "ChessBase"]
[SourceQuality "1"]

{[%evp 16,35,43,29,74,69,66,48,54,50,65,52,73,60,58,52,63,57,47,-83,-101,-114]} 1. e4 c5 2. Nf3 e6 3. d4 cxd4 4. Nxd4 a6 5. c4 Nf6 6. Nc3 Qc7 7. Be2 Bb4 8. f3 Nc6 9. Be3 {LiveBook: 9 Games} Ne5 {B41: Sicilian: Kan Variation: 5 c4} (9... d5 10. exd5 exd5 11. O-O dxc4 12. Bxc4 O-O 13. Nxc6 Qxc6 14. Qd4 Be6 15. Bxe6 Qxe6 16. Rfe1 Ba5 17. Bf2 {0-1 (40) Jose Queralto,D (2096)-Morris,J (2494) Batumi 2018}) 10. Qb3 Be7 11. O-O d6 {White is slightly better.} 12. Rac1 O-O 13. Na4 $146 ({Predecessor:} 13. Kh1 Bd7 14. Rfd1 Rac8 15. Re1 Qb8 16. Na4 Bxa4 17. Qxa4 {½-½ (47) Sriram,P (1602)-Rohrer,C (1925) Geneve 2013}) 13... Ned7 14. Qc2 b6 {[%cal Bb7b6,Bb6b5][%mdl 32]} 15. Rfd1 Bb7 16. b4 Rac8 17. Nb3 (17. Qd2 $14 {keeps the upper hand.}) 17... b5 $17 18. Nb2 {[%mdl 32768] Loss on time!?} 1-0

[Event "11th Chennai Open-GM 2019"]
[Site "Chennai"]
[Date "2019.01.18"]
[Round "1"]
[White "Sai Prasath A S"]
[Black "Vignesh N R"]
[Result "0-1"]
[WhiteElo "1577"]
[BlackElo "2461"]
[Annotator "TA"]
[PlyCount "78"]
[EventDate "2019.01.18"]
[EventType "swiss"]
[EventCountry "IND"]
[SourceTitle "playchess.com"]
[Source "ChessBase"]
[SourceQuality "1"]

{[%evp 22,78,31,23,50,34,37,32,35,7,8,18,62,-19,0,-58,-56,-170,-179,-333,-324,-340,-327,-327,-312,-319,-321,-324,-328,-431,-15,-8,-8,-4,0,-23,-23,-23,0,-91,18,18,47,-737,-683,-1640,-1622,-1084,-1308,-792,0,-2074,-1894,-1243,-1096,-29960,-29963,-5744,-5744]} 1. e4 c5 2. Nf3 Nc6 3. d4 cxd4 4. Nxd4 Qb6 5. Nb3 Nf6 6. Nc3 e6 7. Be3 Qc7 8. a3 d6 9. f4 a6 10. Bd3 Be7 {B33: Sicilian: Pelikan and Sveshnikov Variations} (10... b5 11. O-O Bb7 12. Qf3 Be7 13. Qh3 Rc8 14. Bf2 Nb8 15. Rae1 Nbd7 16. Nd4 g6 17. Kh1 e5 18. Nde2 {½-½ (66) Wang,J (2377)-Cordova,E (2609) Saint Louis 2018}) 11. O-O b5 12. Qe2 {LiveBook: 5 Games} h5 {White has an edge.} 13. Rae1 Bb7 14. h3 Rc8 $146 ({Predecessor:} 14... b4 15. axb4 Nxb4 {½-½ (35) Wessels,M (2223)-Bouaraba,M (2224) Germany 2011}) 15. Nd4 Na5 16. Bf2 Nd7 17. e5 (17. a4 $14) 17... dxe5 $11 18. fxe5 (18. f5 $11 exf5 19. Nxf5) 18... Nc4 $15 19. Bg3 (19. Bxc4 $15 Qxc4 20. Nb3) 19... Nxb2 $19 {[%mdl 64] [#] Discovered Attack} 20. Qf2 $2 (20. Ne4 Qb6 21. Bf2 Nxd3 22. cxd3 Bxe4 23. Qxe4) 20... O-O 21. Ne4 {White wants to play Nf6+!} Nxd3 ({Less strong is} 21... Nxe5 22. Qe2 $19) (21... Bxa3 22. Nd6 $19) 22. cxd3 Bxe4 ({Don't play} 22... Nxe5 23. Qe3 $17) (22... Bxa3 23. Nd6 $19) 23. Rxe4 Nc5 ({Don't do} 23... Bxa3 24. Qf3 $19) 24. Re3 Rcd8 25. Qf4 g5 $2 (25... Qd7 $19 26. Nf3 Nxd3 {[%mdl 64] Discovered Attack (Double check)}) 26. Qf3 $11 Rxd4 27. Qxh5 Ne4 (27... Nxd3 $2 28. Ref3 $19) 28. Rxe4 Rxe4 29. dxe4 Qc4 30. Qg4 (30. Rf4 $1 $11) 30... f6 (30... a5 $17 31. Rf3 Qd4+ 32. Kh2 b4 33. axb4 axb4) 31. exf6 Bxf6 {And now ...Bd4+ would win.} 32. h4 $2 {[%mdl 8192]} (32. Rd1 $14) 32... Bd4+ $19 33. Bf2 Bxf2+ {[%mdl 64] [#] Overworked Piece} 34. Rxf2 {[%mdl 4096] Endgame KQR-KQR} Qc1+ {[%mdl 64] Double Attack} 35. Kh2 Qc7+ $2 (35... Rxf2 $19 36. Qxe6+ Kg7 37. Qe5+ Rf6) 36. Kh3 $2 {[%mdl 8192]} (36. Kg1 $11 Qc1+ {[%mdl 64] Double Attack} 37. Kh2 Rxf2 38. Qxe6+ Rf7 39. Qg6+ Kf8 40. Qd6+ Kg7 41. hxg5 Qxg5 42. Kg1) 36... Rxf2 37. Qxe6+ Qf7 38. Qc8+ Kh7 39. Qg4 Rf4 {Accuracy: White = 21%, Black = 47%.} 0-1